01558cam a22004213a 45000010005000000030006000050050017000110080041000280100017000690200018000860200015001040200018001190350013001370350020001500400052001700500016002220820008002381000023002462450107002692600040003763000058004163360026004743370028005003380027005284900019005555050007005745200140005815210018007215210018007396500023007576550030007806550076008107000035008869060045009219420015009669990015009819520140009968434FISKH20250911154020.0111119s1991 nyua j 000 1 eng d a 2011514259 a9780590449311 a0590449311 a9780590698696 a17051647 a(OCoLC)24947297 aEXRcEXRdOCLdMUSdBTCTAdYDXCPdVVWdVUEdDLC aPZ7.C3736 M a1071 aChardiet, Bernice.10aMartin and the teacher's pets /cby Bernice Chardiet and Grace Maccarone ; pictures by G. Brian Karas. aNew York :bScholastic Inc.,c1991. a44 unnumbered pages : bcolor illustrations ; c23 cm atextbtxt2rdacontent aunmediatedbn2rdamedia avolumebnc2rdacarrier1 aSchool friends aJ  aWhen Martin takes his teacher's classroom fish home for the holidays, his carelessness causes him troubles involving his little sister.8 a490 bLexile 8 aJ bRaz-Plus  0aGoldfishvFiction. 7aChildren's stories.2lcsh 7aFiction.2lcgft0https://id.loc.gov/authorities/genreForms/gf20140263391 aKaras, G. Brian.eillustrator  a7bcbcccopycatd2encipf20gy-genrareb 2ddccBKn0 c8434d8434 00102ddc40708JUVFa002b002cTTP Dark Blued2025-09-11l0oCHA 107 PZ7.C3736 M pFISBK05315r2025-09-11 15:40:10t1w2025-09-11yBK